Κατάλογος Βιβλιοθηκών Mediterranean College

The European Union / History, Institutions, Economics and Policies (Record no. 2629)

MARC details
000 -LEADER
fixed length control field 01408cam a22002054a 4500
005 - ΗΜΕΡΟΜΗΝΙΑ ΚΑΙ ΩΡΑ ΤΕΛΕΥΤΑΙΑΣ ΕΝΗΜΕΡΩΣΗΣ
Πεδίο ελέγχου 20250605164048.0
008 - FIXED-LENGTH DATA ELEMENTS--GENERAL INFORMATION
Πεδίο ελέγχου σταθερού μήκους 250528s ||||||||||||||||||||||||d
035 ## - SYSTEM CONTROL NUMBER
System control number 17195
020 ## - ISBN
ISBN 139162631
040 ## - ΠΗΓΗ ΚΑΤΑΛΟΓΟΓΡΑΦΗΣΗΣ
Φορέας πρωτότυπης καταλογογράφησης MC Athens Campus Library
Γλώσσα καταλογογράφησης Ελληνικά, Μοντέρνα (1453-)
Modifying agency MC Athens Campus Library
Κανόνες περιγραφικής καταλογογράφησης AACR2
245 1# - ΤΙΤΛΟΣ ΚΑΙ ΔΗΛΩΣΗ ΥΠΕΥΘΥΝΟΤΗΤΑΣ
Τίτλος The European Union / History, Institutions, Economics and Policies
250 ## - EDITION STATEMENT
Edition statement 5th
260 ## - PUBLICATION, DISTRIBUTION, ETC.
Name of publisher, distributor, etc. Prentice Hall Europe,
Date of publication, distribution, etc. 1998
300 ## - PHYSICAL DESCRIPTION
Extent 626
520 ## - SUMMARY, ETC.
Summary, etc. A comprehensive guide to the history, institutions, economic, and policies of the European Union. Preface, List of Abbreviations, General Introduction, Historical and Institutional and Statistical Background, History and Institutions of the EU, The Basic Statistics of the EU, Theory and Measurement, The Theory of Economic Integration, European Monetary Integration, Measuring the Impact of Economic Integration, The Economics of the Single Market, Major EU Policies, EU Competition Policy, EU Industrial Policy, The Common Agricultural Policy, The Common Fisheries Policy, EU Transport Policy, EU Energy Policy, Tax Harmonization, The General Budget, The European Monetary System, EU Regional Policy, EU Social Policies, EU Environmental Policy, Factor Mobility, EU External Trade Policy, The Lome Agreement, EU Enlargement, Conclusions, The Development of the EU, The Future of the EU.
700 1# - ΠΡΟΣΘΕΤΗ ΑΝΑΓΡΑΦΗ--ΦΥΣΙΚΟ ΠΡΟΣΩΠΟ
Personal name Agraa-El M. Ali
9 (RLIN) 3354
942 ## - ADDED ENTRY ELEMENTS (KOHA)
Koha item type Books
Holdings
Τύπος τεκμηρίου Βιβλιοθήκη Τρέχουσα τοποθεσία Barcode Αριθμός εισαγωγής Ημερομηνία απόκτησης Ταξιθετικό σύμβολο Αριθμός αντιτύπου Κατάσταση απόσυρσης Κατάσταση χαμένου Κατάσταση κατεστραμμένου Μη δανεισμός Σύνολο δανεισμών Ημερομηνία τελευταίας εμφάνισης Η τιμή ισχύει από
Books MC Athens Campus Library MC Athens Campus Library 9780000026286 8555 05/06/2025 337.142 AGR 1           05/06/2025 05/06/2025

MC Athens Campus Library
Πατησίων 94 & Κοδριγκτώνος 13, 104 34
Πελλήνης 8 & Πατησίων 107, 112 51
Τ: +30 210 8899600

MC Thessaloniki Campus Library
Ίωνος Δραγούμη 21, 54625 | Ίωνος Δραγούμη 15, 54625
Τ: +30 2310 287779 – Τ: +30 2314 440300